| 000 | 01019nam a2200301 4500 | ||
|---|---|---|---|
| 003 | OSt | ||
| 005 | 20260601193859.0 | ||
| 008 | 260505b2003 usaa|||| |||| 00| 0 eng d | ||
| 020 | _a9519874666 | ||
| 040 |
_aICI _bspa _cICI |
||
| 041 | _aeng | ||
| 050 |
_aNK1455.F55 _bD47 2003 |
||
| 100 | 1 |
_aPaljakka, Anna, _eeditor _933466 |
|
| 245 |
_aDesigners, artisans and artists of the fiskars co-operative : _b10th time / _ceditor Anna Paljakka |
||
| 264 |
_aFinlandia: _bfiskars, _c2003 |
||
| 300 |
_a80 páginas: _bilustraciones a color |
||
| 336 |
_2rdacontent _atexto |
||
| 337 |
_2rdamedia _asin medio |
||
| 338 |
_2rdacarrier _avolumen |
||
| 500 | _aObra sobre la comunidad creativa de la cooperativa Fiskars en Finlandia | ||
| 650 |
_aDiseñadores _zFinlandia _933467 |
||
| 650 |
_aArtesanos _zFinlandia _933468 |
||
| 650 |
_aArtistas _zFinlandia _933469 |
||
| 650 |
_aCooperativas _zFinlandia _933470 |
||
| 650 |
_aDiseño industrial _zFinlandia |
||
| 655 |
_2local _aEstudios colectivos _933471 |
||
| 942 |
_2lcc _n1 _cB |
||
| 999 |
_c22152 _d22152 |
||